01359nam a22003017a 4500008004100000020001800041040001800059041000800077245015200085260006400237300006800301504003000369650006400399650001900463650003800482650004300520650004700563650004200610700003300652700003200685700003200717700003400749700003500783710007300818710006600891710001800957710008200975130821s2009 ck ab gr spa  a9789587162707 aCo-BoUCMbspa00aspa00aConflictos socioambientales y recurso hídrico una aproximación para su identificación y análisiscDiana Lucía Maya Vélez ... [et al.]. aBogotá (Colombia)bPontificia Universidad Javerianac2009 a187 páginasbcuadros, ilustraciones, mapas (algunas en color) aIncluye índice general.04aConservación de los recursos naturalesvAspectos sociales04aMedio ambiente04aMedio ambientevAspectos sociales04aRecursos hídricosvAspectos sociales04aRecursos hídricosxAspectos económicos04aRecursos naturalesvAspectos sociales1 aAcevedo Arias, Gloria Inés1 aGarrido Rodríguez, Evelyn1 aMaya Vélez, Diana Lucía1 aRamos Barón, Pablo Andrés1 aTobón Quintero, Gabriel John1 aColombia.bMinisterio de Ambiente, Vivienda y Desarrollo Territorial2 aAgencia de Cooperación Técnica Alemana al Desarrollo. GTZ2 aBanco Mundial2 aPontificia Universidad Javeriana.bFacultad de Estudios Ambientales y Rurales